Statistics for Countries Where Cricket is the Most Popular Sport

Click here to take the quiz!

General Stats

  • This quiz has been taken 54,320 times
    (53,848 since last reset)
  • The average score is 10 of 14

Answer Stats

ContinentCountry% Correct
AsiaIndia
99%
AsiaPakistan
92%
AsiaBangladesh
82%
AsiaSri Lanka
71%
North AmericaBarbados
68%
AsiaAfghanistan
67%
North AmericaTrinidad and Tobago
67%
North AmericaSt Kitts and Nevis
66%
North AmericaSt Lucia
65%
AsiaNepal
64%
North AmericaAntigua and Barbuda
63%
North AmericaSt Vincent and the Grenadines
63%
South AmericaGuyana
62%
North AmericaGrenada
56%

Score Distribution

Percentile by Number Answered

Percent of People with Each Score

Your Score History

You have not taken this quiz since the last reset